Универсальный русско-немецкий разговорник

Podrobná bibliografie
Hlavní autor: Бережная В. В. Виктория Владимировна
Shrnutí:Разговорник содержит наиболее употребительные слова и выражения, которые могут понадобиться в различных ситуациях, а также распространенные фразы, характерные для наиболее часто встречающихся ситуаций. Материал подобран и сгруппирован по тематическому принципу, каждый раздел обозначен своим цветом, что значительно облегчает поиск. Произношение иностранных слов передано транслитерацией русскими буквами. Разговорник поможет почувствовать себя комфортно в любой стране независимо от цели поездки.
Jazyk:ruština
němčina
Vydáno: Москва, Эксмо, 2010
Edice:Современный разговорник
Témata:
Médium: Kniha
KOHA link:https://koha.lib.tpu.ru/cgi-bin/koha/opac-detail.pl?biblionumber=185038

MARC

LEADER 00000nam0a2200000 4500
001 185038
005 20231101223905.0
010 |a 9785699274963 
035 |a (RuTPU)RU\TPU\book\200681 
090 |a 185038 
100 |a 20100929d2010 m y0rusy50 ca 
101 0 |a rus  |a ger 
102 |a RU 
105 |a y g 000zy 
200 1 |a Универсальный русско-немецкий разговорник  |f В. В. Бережная 
210 |a Москва  |c Эксмо  |d 2010 
215 |a 224 с. 
225 1 |a Современный разговорник 
330 |a Разговорник содержит наиболее употребительные слова и выражения, которые могут понадобиться в различных ситуациях, а также распространенные фразы, характерные для наиболее часто встречающихся ситуаций. Материал подобран и сгруппирован по тематическому принципу, каждый раздел обозначен своим цветом, что значительно облегчает поиск. Произношение иностранных слов передано транслитерацией русскими буквами. Разговорник поможет почувствовать себя комфортно в любой стране независимо от цели поездки. 
606 1 |a Немецкий язык  |x Для вузов  |x Разговорники  |2 stltpush  |3 (RuTPU)RU\TPU\subj\45399  |9 64641 
610 1 |a лексика 
610 1 |a разговорная речь 
610 1 |a разговорная лексика 
610 1 |a разговорники 
686 |a Ш143.24-922.41  |v LBC/SL-A  |2 rubbk 
700 1 |a Бережная  |b В. В.  |g Виктория Владимировна 
801 1 |a RU  |b 63413507  |c 20100929 
801 2 |a RU  |b 63413507  |c 20120705  |g RCR 
942 |c BK 
959 |a 65/20100929  |d 1  |e 138,46  |f ЧЗИЛ:1